[Event "Ä11Ï"]
[Site "Loo"]
[Date "2017.04.27"]
[Round "8.26"]
[White "Ìèõàéëîâà, Åêàòåðèíà."]
[Black "Êóäðÿâöåâà, Ìàðèÿ."]
[Result "0-1"]
[WhiteElo "1053"]
[BlackElo "1216"]
[PlyCount "68"]
[EventDate "2017.04.20"]

1. e4 c5 2. Nc3 Nc6 3. f4 d6 4. Nf3 g6 5. Bc4 Bg7 6. d3 Bg4 7. h3 Bxf3 8. Qxf3
Nd4 9. Qf2 Kf8 10. O-O Nc6 11. f5 Bd4 12. Be3 Bxe3 13. Qxe3 Ne5 14. fxg6 hxg6
15. Ne2 Nxc4 16. dxc4 Nf6 17. Rad1 Qc7 18. Nf4 Qc6 19. g4 Qxe4 20. Qxe4 Nxe4
21. Nxg6+ Kg7 22. Nxh8 Rxh8 23. Rf3 Ng5 24. Rf5 Nxh3+ 25. Kg2 e6 26. Rh5 Nf4+
27. Kg3 Nxh5+ 28. gxh5 Rxh5 29. Rxd6 Rh8 30. Kf4 Kf6 31. Ke4 Ke7 32. Rd2 Rd8
33. Re2 Rd4+ 34. Ke5 f6# 0-1

[Event "Ä11Ï"]
[Site "Loo"]
[Date "2017.04.27"]
[Round "8.28"]
[White "Áîäðûõ, Ìàéÿ."]
[Black "Äîðîôååâà, Àííà."]
[Result "1-0"]
[WhiteElo "1132"]
[BlackElo "1009"]
[PlyCount "71"]
[EventDate "2017.04.20"]

1. e4 e6 2. d4 d5 3. Nd2 c5 4. exd5 exd5 5. dxc5 Bxc5 6. Ngf3 Nf6 7. Be2 O-O 8.
O-O Nc6 9. Nb3 Bb6 10. Nbd4 Bg4 11. Nxc6 bxc6 12. h3 Bh5 13. c3 Qd6 14. Qd2 Bc7
15. g3 Ne4 16. Qf4 Qxf4 17. gxf4 h6 18. Re1 g5 19. fxg5 Bxf3 20. Bxf3 Nxg5 21.
Bxg5 hxg5 22. c4 Rad8 23. cxd5 cxd5 24. Rad1 d4 25. Re4 Bb6 26. Rg4 f6 27. h4
Kh8 28. hxg5 fxg5 29. Kg2 Rf5 30. Be4 Re5 31. Bd3 Ra5 32. a3 Rd7 33. Rh1+ Kg8
34. a4 Rxa4 35. Bb5 Rb4 36. Bxd7 1-0

[Event "Ä11Â"]
[Site "Loo"]
[Date "2017.04.27"]
[Round "8.1"]
[White "Êëåéìåíîâà, Âàëåðèÿ."]
[Black "Ïîëÿòî, Èðèíà."]
[Result "1-0"]
[WhiteElo "1465"]
[BlackElo "1475"]
[PlyCount "95"]
[EventDate "2017.04.20"]

1. d4 d5 2. e3 Nf6 3. f4 Bf5 4. Nf3 e6 5. Be2 Nbd7 6. O-O h6 7. c3 Bd6 8. Bd3
Bxd3 9. Qxd3 Ne4 10. Nbd2 f5 11. Qe2 c6 12. Ne5 Ndf6 13. Nxe4 dxe4 14. Ng6 Rg8
15. Ne5 Qc7 16. a3 O-O-O 17. b4 g5 18. c4 gxf4 19. exf4 Rg7 20. Kh1 Rdg8 21.
Rg1 Qe7 22. Be3 Bxe5 23. dxe5 Ng4 24. g3 Nxe3 25. Qxe3 Kb8 26. Rgd1 Rd8 27. c5
Rd5 28. Rac1 Qd7 29. Qe2 Qd8 30. Re1 Rd2 31. Qh5 Qd3 32. Rcd1 Rd7 33. Rxd2 Qxd2
34. Qe2 Qxe2 35. Rxe2 Rd3 36. Kg2 Rxa3 37. Rd2 Rd3 38. Rxd3 exd3 39. Kf3 b6 40.
Ke3 bxc5 41. bxc5 Kb7 42. Kxd3 Ka6 43. g4 Kb7 44. g5 hxg5 45. fxg5 Kc7 46. g6
Kd7 47. g7 Ke7 48. g8=Q 1-0

[Event "Ä11Â"]
[Site "Loo"]
[Date "2017.04.27"]
[Round "8.2"]
[White "Ìèõååâà, Ãàëèíà."]
[Black "Ôåäîðîâà, Îëåñÿ."]
[Result "1/2-1/2"]
[WhiteElo "1569"]
[BlackElo "1414"]
[PlyCount "80"]
[EventDate "2017.04.20"]

1. d4 d5 2. c4 dxc4 3. Nf3 a6 4. e3 Bg4 5. Bxc4 e6 6. h3 Bh5 7. O-O Nf6 8. Nc3
c5 9. Be2 Nc6 10. dxc5 Qxd1 11. Rxd1 Bxc5 12. a3 O-O 13. b4 Be7 14. Bb2 Rfd8
15. Rac1 Rac8 16. Kf1 Nd7 17. Na4 b5 18. Rxd7 Rxd7 19. Nb6 Rdc7 20. Nxc8 Rxc8
21. Ke1 Na7 22. Rxc8+ Nxc8 23. Nd2 Bxe2 24. Kxe2 Kf8 25. Kd3 g6 26. Nb3 Nb6 27.
Na5 Ke8 28. e4 Kd7 29. Bd4 Kc7 30. g3 h5 31. f4 f5 32. h4 Nd7 33. Nb3 Kc6 34.
Na5+ Kc7 35. Nb3 Kc6 36. Na5+ Kc7 37. Nb3 Kc6 38. Na5+ Kc7 39. Nb3 Kc6 40. Na5+
Kc7 1/2-1/2

[Event "Ä11Â"]
[Site "Loo"]
[Date "2017.04.27"]
[Round "8.3"]
[White "Êîðîâèíà, ßíà."]
[Black "Øóáåíêîâà, Âåðîíèêà."]
[Result "1-0"]
[WhiteElo "1416"]
[BlackElo "1515"]
[PlyCount "73"]
[EventDate "2017.04.20"]

1. e4 e6 2. d3 d5 3. Nd2 c6 4. Ngf3 Nf6 5. g3 Be7 6. Bg2 b6 7. O-O Bb7 8. e5
Nfd7 9. Re1 Na6 10. Nf1 Qc7 11. a4 h6 12. c3 g5 13. d4 O-O-O 14. b4 Rdg8 15. b5
Nab8 16. Be3 Qd8 17. Qb3 h5 18. Rec1 g4 19. N3d2 f5 20. bxc6 Nxc6 21. c4 dxc4
22. Rxc4 Ndb8 23. Rac1 Kd7 24. a5 Ke8 25. Qb5 Kf8 26. Qb2 Bg5 27. Bxg5 Qxg5 28.
axb6 a6 29. d5 Nd8 30. Qa3+ Kg7 31. Rc7+ Kg6 32. Qd6 Re8 33. f4 Qh6 34. Re7 h4
35. Rcc7 Rxe7 36. Qxe7 Qf8 37. Qg5# 1-0

[Event "Ä11Â"]
[Site "Loo"]
[Date "2017.04.27"]
[Round "8.4"]
[White "Ñâåðãèíà, Ñîôüÿ."]
[Black "Ïøåâñêàÿ, ßíà."]
[Result "1/2-1/2"]
[WhiteElo "1228"]
[BlackElo "1345"]
[PlyCount "80"]
[EventDate "2017.04.20"]

1. e4 d5 2. exd5 Qxd5 3. Nc3 Qd6 4. Bc4 Nf6 5. d3 a6 6. a3 b5 7. Ba2 Bb7 8. Nf3
e6 9. Bd2 Be7 10. O-O c5 11. Re1 Nbd7 12. Ne4 Qc7 13. Rc1 Nxe4 14. dxe4 c4 15.
b4 O-O 16. Bc3 Nf6 17. Bxf6 Bxf6 18. c3 Rfd8 19. Qe2 Rd3 20. Qb2 Be5 21. Nxe5
Qxe5 22. Bb1 Rd7 23. Rcd1 Rad8 24. Rxd7 Rxd7 25. f3 Qf4 26. Qc1 Qxc1 27. Rxc1
Rd2 28. Bc2 Bc6 29. Rd1 Rxd1+ 30. Bxd1 Kf8 31. Kf2 Ke7 32. Ke3 Kd6 33. f4 e5
34. Bg4 Bb7 35. g3 h6 36. h4 f6 37. h5 Ke7 38. Bf5 Kd6 39. Bg6 Bc8 40. f5 Bb7
1/2-1/2

[Event "Ä11Â"]
[Site "Loo"]
[Date "2017.04.27"]
[Round "8.5"]
[White "Øóõìàí, Àííà."]
[Black "Êîìèññàðîâà, Ñîéæèíà."]
[Result "1-0"]
[WhiteElo "1308"]
[BlackElo "1404"]
[PlyCount "159"]
[EventDate "2017.04.20"]

1. e4 c6 2. Nc3 e6 3. Nf3 d5 4. d3 Bb4 5. Bd2 Ne7 6. a3 Bd6 7. Be2 O-O 8. O-O
Ng6 9. d4 Bf4 10. e5 f6 11. Bxf4 Nxf4 12. g3 Nxe2+ 13. Qxe2 fxe5 14. Nxe5 Qf6
15. Rae1 b6 16. Qe3 Re8 17. f4 Bb7 18. Na2 a5 19. Nc1 Qf5 20. Qb3 b5 21. Ncd3
Na6 22. Qc3 a4 23. Nc5 Nxc5 24. Qxc5 Rac8 25. Rf3 Qf8 26. Qxf8+ Kxf8 27. Nd7+
Ke7 28. Nc5 Ba8 29. Rxe6+ Kf7 30. f5 Rc7 31. Rxe8 Kxe8 32. Re3+ Kf7 33. Ne6 Rc8
34. g4 h6 35. Kf2 g6 36. Nf4 gxf5 37. gxf5 c5 38. c3 cxd4 39. cxd4 Kf6 40. Ne6
Kxf5 41. Nc5 Kg6 42. Re6+ Kg5 43. Re3 Kg6 44. Kg2 Kh7 45. Rg3 h5 46. Kh3 Bc6
47. Kh4 Be8 48. Rg5 Bf7 49. Rg3 Rc7 50. Re3 Rc6 51. Re7 Kg6 52. Nd7 Re6 53.
Ne5+ Rxe5 54. Rxe5 Kf6 55. Rxh5 Bxh5 56. Kxh5 Kf5 57. h4 Ke4 58. Kg6 Kxd4 59.
h5 Kc4 60. h6 d4 61. h7 Kb3 62. h8=Q Kxb2 63. Qxd4+ Kxa3 64. Qc3+ Ka2 65. Qb4
a3 66. Qxb5 Ka1 67. Qf1+ Kb2 68. Qe2+ Ka1 69. Qd1+ Kb2 70. Qd4+ Kb1 71. Qb4+
Ka2 72. Qc3 Kb1 73. Qxa3 Kc2 74. Kf5 Kb1 75. Qc3 Ka2 76. Qb4 Ka1 77. Ke4 Ka2
78. Kd3 Ka1 79. Kc2 Ka2 80. Qb2# 1-0

[Event "Ä11Â"]
[Site "Loo"]
[Date "2017.04.27"]
[Round "8.6"]
[White "Øâåäîâà, Àëåêñàíäðà."]
[Black "Êóçíåöîâà, Îëüãà."]
[Result "1-0"]
[WhiteElo "1522"]
[BlackElo "1405"]
[PlyCount "121"]
[EventDate "2017.04.20"]

1. e4 e5 2. Nf3 Nc6 3. Bc4 Nf6 4. Ng5 d5 5. exd5 Na5 6. d3 h6 7. Nf3 e4 8. Qe2
Nxc4 9. dxc4 Bc5 10. O-O O-O 11. Nfd2 c6 12. dxc6 bxc6 13. Nxe4 Bb6 14. c5 Bc7
15. Nxf6+ Qxf6 16. Nc3 Qg6 17. Kh1 Bf5 18. Be3 Bxc2 19. Qf3 Bf5 20. Bf4 Bg4 21.
Qg3 Bxf4 22. Qxf4 Bf5 23. Rfd1 Rfe8 24. Rd6 Re6 25. Rad1 Kh7 26. h3 Rae8 27.
Kh2 Rf6 28. Rxf6 Qxf6 29. g4 Bg6 30. Qxf6 gxf6 31. Rd7 Rb8 32. b3 Re8 33. f4
Re3 34. Nd1 Re2+ 35. Kg3 Bb1 36. Rxf7+ Kg6 37. Rxa7 f5 38. Rc7 Be4 39. Kh4 Rxa2
40. Nc3 Ra6 41. Nxe4 fxe4 42. Re7 Ra3 43. Rxe4 Ra6 44. Re6+ Kg7 45. f5 Kh7 46.
b4 Ra4 47. Rxc6 Rxb4 48. Rc7+ Kh8 49. f6 Kg8 50. c6 Kf8 51. Rc8+ Kf7 52. c7 Ke6
53. Re8+ Kd7 54. c8=Q+ Kd6 55. Re6+ Kd5 56. Qc6+ Kd4 57. Re4+ Kd3 58. Rxb4 Kd2
59. Rb3 h5 60. Qg2+ Kd1 61. Rb1# 1-0

[Event "Ä11Â"]
[Site "Loo"]
[Date "2017.04.27"]
[Round "8.7"]
[White "Áûêîâñêèõ, Åêàòåðèíà."]
[Black "Ôðîëîâà, Àëèêà."]
[Result "1-0"]
[WhiteElo "1308"]
[BlackElo "1441"]
[PlyCount "67"]
[EventDate "2017.04.20"]

1. e4 c6 2. d4 d5 3. Nc3 dxe4 4. Nxe4 Bf5 5. Ng3 Bg6 6. h4 h6 7. h5 Bh7 8. Nf3
Nd7 9. Bd3 Bxd3 10. Qxd3 Ngf6 11. Bd2 Qc7 12. O-O-O e6 13. Ne4 O-O-O 14. g3 e5
15. Nxf6 gxf6 16. Qf5 Bd6 17. Rhe1 Rde8 18. Re3 exd4 19. Rxe8+ Rxe8 20. Bxh6 c5
21. Bg7 Be5 22. h6 Qa5 23. a3 Qb5 24. Nxe5 Rxe5 25. Qd3 c4 26. Qxd4 Rh5 27. Kb1
a6 28. Qe4 Ne5 29. Bxf6 Nd7 30. Qe8+ Kc7 31. Qd8+ Kc6 32. Qxd7+ Kb6 33. Bd8+
Kc5 34. Qd6# 1-0

[Event "Ä11Â"]
[Site "Loo"]
[Date "2017.04.27"]
[Round "8.8"]
[White "Êóçíåöîâà, Þëèÿ."]
[Black "Ìàéêîâåö, ßíà."]
[Result "0-1"]
[WhiteElo "1304"]
[BlackElo "1401"]
[PlyCount "54"]
[EventDate "2017.04.20"]

1. e4 c5 2. Nf3 d6 3. d4 cxd4 4. Nxd4 Nf6 5. Nc3 a6 6. Be2 e5 7. Nb3 Be6 8. f4
Be7 9. f5 Bd7 10. Be3 Bc6 11. Qd3 Nbd7 12. O-O-O O-O 13. g4 Nc5 14. Nxc5 dxc5
15. Qc4 Qa5 16. g5 b5 17. Qd3 Rad8 18. Nd5 Nxd5 19. exd5 Bxd5 20. Rhe1 c4 21.
Qd2 Qxa2 22. Qc3 Qa1+ 23. Kd2 Bf3+ 24. Bd4 Bxg5+ 25. Qe3 Rxd4+ 26. Kc3 Qa5+ 27.
b4 Qa3# 0-1

[Event "Ä11Â"]
[Site "Loo"]
[Date "2017.04.27"]
[Round "8.9"]
[White "Ìàêîãîí, Åëåíà."]
[Black "Ñóäàðêèíà, Åêàòåðèíà."]
[Result "1-0"]
[WhiteElo "1374"]
[BlackElo "1292"]
[PlyCount "85"]
[EventDate "2017.04.20"]

1. d4 Nf6 2. c4 e6 3. Nc3 Bb4 4. a3 Bxc3+ 5. bxc3 b6 6. f3 Bb7 7. e4 d5 8. e5
Nfd7 9. Bd3 c5 10. Ne2 O-O 11. O-O Nc6 12. Be3 Rc8 13. Qe1 Ne7 14. cxd5 Nxd5
15. Bd2 Ne7 16. Qg3 Ng6 17. h4 Qxh4 18. Bxg6 Qxg3 19. Bxf7+ Kxf7 20. Nxg3 Rfd8
21. Ne4 Bxe4 22. fxe4+ Kg6 23. Be3 cxd4 24. cxd4 Rc3 25. Rf3 Rdc8 26. Raf1 Rf8
27. Bd2 Rfxf3 28. Rxf3 Rxf3 29. gxf3 Nb8 30. d5 exd5 31. exd5 Kf5 32. e6 Kf6
33. Bg5+ Kxg5 34. e7 Nd7 35. e8=Q Nf6 36. Qe3+ Kg6 37. d6 Kf7 38. Qe7+ Kg6 39.
d7 Nxd7 40. Qxd7 a5 41. Qe6+ Kg5 42. Kg2 b5 43. Kg3 1-0

[Event "Ä11Â"]
[Site "Loo"]
[Date "2017.04.27"]
[Round "8.10"]
[White "Îëåñê, Êàìèëëà."]
[Black "Ëè, Äàðèíà."]
[Result "0-1"]
[WhiteElo "1358"]
[BlackElo "1310"]
[PlyCount "144"]
[EventDate "2017.04.20"]

1. e4 e5 2. Nf3 Nf6 3. Nxe5 d6 4. Nf3 Nxe4 5. d3 Nf6 6. Nc3 Be7 7. Be2 Bg4 8.
O-O O-O 9. Be3 Nbd7 10. h3 Bh5 11. Re1 Re8 12. Qd2 d5 13. d4 Bb4 14. a3 Ne4 15.
Qd3 Bxc3 16. bxc3 Bg6 17. Qb5 Nb6 18. Qb3 Bh5 19. a4 a5 20. Rab1 Qd7 21. Ne5
Rxe5 22. dxe5 Bxe2 23. Rxe2 Nxa4 24. Qxb7 Re8 25. Rb3 Nac5 26. Bxc5 Nxc5 27.
Qb5 Qe7 28. Ra3 a4 29. Ra1 Ne4 30. Qd3 Qc5 31. Qd4 Qc6 32. Re3 Nc5 33. c4 dxc4
34. Qxc4 Re6 35. Rc3 Rxe5 36. Rxa4 Qxa4 37. Rd3 Qa1+ 38. Kh2 Nxd3 39. Qxd3 Re8
40. Qd7 Qe5+ 41. Kg1 Qe7 42. Qc6 Rb8 43. Qf3 Rb1+ 44. Kh2 h6 45. Qa8+ Kh7 46.
Qf3 Qe5+ 47. g3 Qe6 48. c3 g6 49. h4 c6 50. h5 Qd5 51. hxg6+ fxg6 52. Qxd5 cxd5
53. Kg2 Rc1 54. Kf3 Rxc3+ 55. Ke2 d4 56. Kd2 h5 57. Ke1 g5 58. Kd2 h4 59. gxh4
gxh4 60. f4 h3 61. f5 h2 62. f6 h1=Q 63. f7 Qg2+ 64. Kd1 Qf3+ 65. Kd2 Qxf7 66.
Ke2 Qf3+ 67. Kd2 Qf2+ 68. Kd1 Qc2+ 69. Ke1 Re3+ 70. Kf1 Qe2+ 71. Kg1 Rg3+ 72.
Kh1 Qg2# 0-1

[Event "Ä11Â"]
[Site "Loo"]
[Date "2017.04.27"]
[Round "8.11"]
[White "Çàéöåâà, Äàðüÿ."]
[Black "Èëüèíà, Ìàðãàðèòà."]
[Result "0-1"]
[WhiteElo "1348"]
[BlackElo "1226"]
[PlyCount "78"]
[EventDate "2017.04.20"]

1. d4 d5 2. c4 dxc4 3. e4 e5 4. Nf3 exd4 5. Bxc4 Nc6 6. O-O Be6 7. Bb5 Bc5 8.
Ng5 Qd7 9. f4 Bg4 10. Qd3 Be2 11. Bxc6 bxc6 12. Qc2 Bb6 13. Qa4 d3+ 14. Rf2 Nf6
15. Bd2 Ng4 16. Nh3 Nxf2 17. Nxf2 Qd4 18. Qxd4 Bxd4 19. Nc3 O-O 20. Nxe2 dxe2
21. Re1 Bxb2 22. Rxe2 Bd4 23. Kf1 Bxf2 24. Kxf2 Rfe8 25. Ba5 Re7 26. Kf3 Rae8
27. g4 f6 28. h4 h6 29. h5 Rd8 30. Ke3 c5 31. Bc3 c4 32. Bd4 a6 33. a3 Red7 34.
Rd2 c5 35. Bc3 Rxd2 36. Bxd2 Rd3+ 37. Ke2 Rxa3 38. Bc1 Rg3 39. Kd2 a5 0-1

[Event "Ä11Â"]
[Site "Loo"]
[Date "2017.04.27"]
[Round "8.12"]
[White "Äîëèíñêàÿ, Ìàðèÿ."]
[Black "Êåêååâà, Ñîôèÿ."]
[Result "0-1"]
[WhiteElo "1128"]
[BlackElo "1328"]
[PlyCount "122"]
[EventDate "2017.04.20"]

1. d4 d5 2. c4 c6 3. Nc3 Nf6 4. e3 Bf5 5. Nf3 e6 6. Nh4 Bg6 7. Nxg6 hxg6 8. Bd3
Bd6 9. h3 b6 10. e4 dxe4 11. Nxe4 Nxe4 12. Bxe4 Bb4+ 13. Ke2 Rh4 14. f3 f5 15.
g3 Rh8 16. Bc2 Bd6 17. Kf2 Nd7 18. Re1 Kf7 19. Qe2 Qf6 20. Kg2 Rae8 21. Bb3 g5
22. Rf1 Nb8 23. Rd1 Rh7 24. Be3 f4 25. Bf2 fxg3 26. Bxg3 Bxg3 27. Kxg3 Reh8 28.
Rh1 Qf4+ 29. Kg2 Qxd4 30. Rae1 Rh6 31. Rd1 Qc5 32. Rde1 Na6 33. Rd1 Ke7 34.
Rhe1 Qf5 35. c5 Qxh3+ 36. Kf2 Qh2+ 37. Ke3 Qxe2+ 38. Rxe2 Nxc5 39. Red2 e5 40.
Rg1 Rh2 41. Rxh2 Rxh2 42. Rxg5 Kf6 43. Rg1 Nxb3 44. axb3 Rxb2 45. Ra1 Rxb3+ 46.
Ke4 a5 47. Rc1 Rb4+ 48. Ke3 c5 49. Rd1 Rd4 50. Rb1 Rd6 51. Ke4 a4 52. Ra1 b5
53. Rb1 b4 54. Rc1 Rd4+ 55. Ke3 c4 56. Rb1 b3 57. Ra1 c3 58. Rc1 b2 59. Rb1 c2
60. Rxb2 c1=Q+ 61. Rd2 Qxd2# 0-1

[Event "Ä11Â"]
[Site "Loo"]
[Date "2017.04.27"]
[Round "8.13"]
[White "Ãóðãåíèäçå, Àëåêñàíäðà."]
[Black "Ìîíãóø, Ìèëåíà."]
[Result "1/2-1/2"]
[WhiteElo "1433"]
[BlackElo "1421"]
[PlyCount "106"]
[EventDate "2017.04.20"]

1. e4 d5 2. exd5 c6 3. dxc6 Nxc6 4. Nf3 e5 5. Bb5 Bd6 6. d4 e4 7. Ng5 Nf6 8. d5
a6 9. Bxc6+ bxc6 10. dxc6 h6 11. Nh3 Rb8 12. Nf4 Bg4 13. Ne2 O-O 14. O-O Qc7
15. h3 Bh5 16. Be3 Rfd8 17. Qe1 Be5 18. c3 Rxb2 19. Nd4 Bxd4 20. Bxd4 Qxc6 21.
Bxf6 gxf6 22. Qc1 Rb5 23. Qxh6 Bg6 24. c4 Rh5 25. Qf4 Kg7 26. Nd2 f5 27. f3
exf3 28. Nxf3 Rhh8 29. Ne5 Qc5+ 30. Kh1 Rhe8 31. Nxg6 fxg6 32. h4 Rd4 33. Qg5
Rxc4 34. h5 Rg4 35. h6+ Kh7 36. Qf6 Kxh6 37. Rf3 Rg5 38. Rh3+ Rh5 39. Rxh5+
Kxh5 40. Rf1 Qe5 41. Qc6 Qe6 42. Qf3+ Kh6 43. Qh3+ Kg7 44. Qc3+ Qf6 45. Qc7+
Re7 46. Qg3 Qe5 47. Qd3 Qe6 48. Rf3 Rd7 49. Qc3+ Qf6 50. Qc1 Qd4 51. Rf1 Qh4+
52. Kg1 Qd4+ 53. Kh1 Qh4+ 1/2-1/2

[Event "Ä11Â"]
[Site "Loo"]
[Date "2017.04.27"]
[Round "8.14"]
[White "Êàðìàíîâà, Îëüãà."]
[Black "Êèëüäèøîâà, Àëèíà."]
[Result "1-0"]
[WhiteElo "1299"]
[BlackElo "1361"]
[PlyCount "163"]
[EventDate "2017.04.20"]

1. e4 c5 2. Nf3 Nc6 3. d4 cxd4 4. Nxd4 g6 5. Nc3 Bg7 6. Nb3 Nf6 7. Be2 O-O 8.
O-O d6 9. Bg5 h6 10. Bh4 Be6 11. Kh1 Nh7 12. f4 Bxb3 13. axb3 Qb6 14. Nd5 Qd8
15. c3 Qd7 16. Bb5 e6 17. Ne3 a6 18. Be2 Rac8 19. Nc4 Rb8 20. Qxd6 Qxd6 21.
Nxd6 Bf6 22. Bg3 e5 23. Nc4 exf4 24. Bxf4 Rbe8 25. Bxh6 Bg7 26. Bxg7 Kxg7 27.
Nd6 Re7 28. Rad1 Nf6 29. Bf3 Ne5 30. Nc4 Nxc4 31. bxc4 Nxe4 32. Bxe4 Rxe4 33.
Rd7 Rxc4 34. Rxb7 Ra4 35. h3 Ra2 36. b3 g5 37. c4 Kg6 38. Rb6+ f6 39. c5 Ra5
40. b4 Rb5 41. Rxb5 axb5 42. Rc1 Kf5 43. Kg1 Ke4 44. Kf2 Kd3 45. c6 Rc8 46. Rc5
Kd4 47. Kf3 f5 48. c7 g4+ 49. hxg4 fxg4+ 50. Kxg4 Rg8+ 51. Kf3 Rf8+ 52. Ke2
Re8+ 53. Kf2 Rf8+ 54. Kg1 Rc8 55. g4 Kd3 56. Kg2 Kd4 57. g5 Kd3 58. g6 Kd4 59.
g7 Kd3 60. Kh3 Kd4 61. g8=Q Rxg8 62. c8=Q Rxc8 63. Rxc8 Kd3 64. Rc5 Kd4 65. Kg4
Kd3 66. Kf5 Kd4 67. Rxb5 Kc3 68. Rb8 Kc4 69. b5 Kc5 70. b6 Kc6 71. Ke6 Kc5 72.
Kd7 Kb5 73. b7 Kb6 74. Kc8 Ka7 75. Ra8+ Kb6 76. b8=Q+ Kc5 77. Qe5+ Kc4 78. Qd6
Kc3 79. Ra7 Kc4 80. Rc7+ Kb3 81. Qb6+ Ka3 82. Ra7# 1-0

[Event "Ä11Â"]
[Site "Loo"]
[Date "2017.04.27"]
[Round "8.15"]
[White "Ôèëàòîâà, Ñîôüÿ."]
[Black "Ïåòðîâà, Åëèçàâåòà."]
[Result "1/2-1/2"]
[WhiteElo "1401"]
[BlackElo "1350"]
[PlyCount "102"]
[EventDate "2017.04.20"]

1. e4 c5 2. Nc3 e6 3. f4 Nc6 4. Bb5 Qc7 5. d3 a6 6. Bxc6 Qxc6 7. Nf3 Qc7 8. O-O
b5 9. a3 g6 10. Qe1 Bg7 11. h3 Ne7 12. Qg3 O-O 13. Ne2 Bb7 14. Nh2 d5 15. f5
Qxg3 16. Nxg3 Be5 17. fxg6 hxg6 18. Bh6 Bxg3 19. Bxf8 Bxh2+ 20. Kxh2 Rxf8 21.
exd5 Bxd5 22. b3 Nf5 23. Rfe1 Nd4 24. Ra2 Kg7 25. c4 Bc6 26. Rb2 Rb8 27. Reb1
b4 28. a4 a5 29. Re1 Rc8 30. Re5 Bb7 31. Re3 Rd8 32. Re5 Rc8 33. Re3 f6 34. g4
g5 35. Kg1 Rd8 36. Kh2 Nf3+ 37. Kg3 Nd4 38. Kh2 Rh8 39. Rf2 Re8 40. Rb2 Rh8 41.
Rf2 e5 42. Rb2 Bc8 43. Kg2 Bb7+ 44. Kh2 Bf3 45. Kg3 Bb7 46. Kh2 Kg6 47. Kg3 Re8
48. Kf2 Ne6 49. Kg3 Nf4 50. Rd2 Rh8 51. Kh2 Bc8 1/2-1/2

[Event "Ä11Â"]
[Site "Loo"]
[Date "2017.04.27"]
[Round "8.16"]
[White "Àëåøèíà, Àðèíà."]
[Black "Áóâàéëîâà, Ïîëèíà."]
[Result "0-1"]
[WhiteElo "1391"]
[BlackElo "1304"]
[PlyCount "110"]
[EventDate "2017.04.20"]

1. Nf3 e6 2. g3 d5 3. Bg2 Nf6 4. O-O g6 5. d3 Bg7 6. Nbd2 O-O 7. e4 c6 8. Qe2
Nbd7 9. Re1 b6 10. h3 Qc7 11. e5 Ne8 12. Nf1 Qb7 13. N1h2 Nc7 14. Bg5 f6 15.
exf6 Nxf6 16. Ne5 Nb5 17. Nhf3 Nd7 18. c3 Nxe5 19. Nxe5 Rf5 20. Bf4 g5 21. g4
Rxf4 22. Nf3 h6 23. Qe3 Rf8 24. h4 gxh4 25. Nxh4 Qf7 26. c4 Bd4 27. Qxh6 Bxf2+
28. Kh1 Bxe1 29. Ng6 Qg7 30. Qxg7+ Kxg7 31. Nxf8 Kxf8 32. Rxe1 Nd6 33. Rf1+ Kg7
34. g5 Bd7 35. cxd5 cxd5 36. Rf6 Rf8 37. Rh6 Rh8 38. Rxh8 Kxh8 39. Kh2 Kg7 40.
Kg3 Kg6 41. Kf4 Nf7 42. Bh1 Nxg5 43. Ke5 Kf7 44. Kd6 Bb5 45. d4 Be8 46. Kc7 b5
47. b4 Kf6 48. Kb7 Kf5 49. Kxa7 Kf4 50. Kb6 Nf3 51. Kc5 Ke3 52. Bxf3 Kxf3 53.
a3 Ke3 54. a4 bxa4 55. b5 Bxb5 0-1

[Event "Ä11Â"]
[Site "Loo"]
[Date "2017.04.27"]
[Round "8.17"]
[White "Øèõàëèåâà, Àðèàíà."]
[Black "Ìóòèíà, Êñåíèÿ."]
[Result "1-0"]
[WhiteElo "1325"]
[BlackElo "1376"]
[PlyCount "53"]
[EventDate "2017.04.20"]

1. e4 c6 2. d4 d5 3. exd5 cxd5 4. Bd3 Nc6 5. c3 Nf6 6. Bf4 Bg4 7. f3 Bd7 8. Ne2
e6 9. O-O Be7 10. Qc2 h6 11. Nd2 Nh5 12. Rfe1 Nxf4 13. Nxf4 Qc7 14. g3 O-O-O
15. b4 g5 16. Nxd5 exd5 17. b5 Bh3 18. Bf5+ Bxf5 19. Qxf5+ Kb8 20. bxc6 bxc6
21. Qxf7 Rd7 22. Rab1+ Ka8 23. Qg7 Qd8 24. Qg6 Bf6 25. Re6 Rd6 26. Qf7 Rf8 27.
Qb7# 1-0

[Event "Ä11Â"]
[Site "Loo"]
[Date "2017.04.27"]
[Round "8.18"]
[White "Ìèõàéëèíà, Îëüãà."]
[Black "Âèøíÿêîâà, Àëèñèÿ."]
[Result "0-1"]
[WhiteElo "1274"]
[BlackElo "1370"]
[PlyCount "114"]
[EventDate "2017.04.20"]

1. e4 e6 2. d4 d5 3. Nd2 dxe4 4. Nxe4 Nd7 5. Bd3 Ngf6 6. Qe2 Nxe4 7. Bxe4 Nf6
8. Bxb7 Bxb7 9. Qb5+ Nd7 10. Qxb7 Qc8 11. Qxc8+ Rxc8 12. Be3 Rb8 13. Rb1 Ba3
14. b3 Nf6 15. c3 Nd5 16. Ne2 a5 17. O-O h6 18. c4 Nxe3 19. fxe3 Bb4 20. c5 Ra8
21. Rf3 O-O 22. Nf4 Rfe8 23. Nd3 f6 24. Rbf1 e5 25. Rg3 exd4 26. exd4 Kh8 27.
Nf4 Rad8 28. Rd3 Re4 29. h3 Rexd4 30. Rxd4 Rxd4 31. Ne6 Re4 32. Nxc7 Bxc5+ 33.
Kh1 Re2 34. Na6 Bb6 35. Ra1 Re8 36. b4 axb4 37. Nxb4 Re2 38. a4 Bd4 39. Rd1 Bc3
40. Nc6 Ra2 41. Rc1 Bd2 42. Rd1 Kg8 43. Kg1 Kf8 44. Kf1 Ke8 45. g3 Bc3 46. Rd8+
Kf7 47. Rd3 Bd2 48. h4 Ke6 49. Nd4+ Kf7 50. Nb3 Bb4 51. Rd7+ Kg6 52. Ra7 f5 53.
a5 Ra3 54. Ra6+ Kh5 55. Nd4 Kg4 56. Rg6+ Kh5 57. Rxg7 Rxa5 0-1

[Event "Ä11Â"]
[Site "Loo"]
[Date "2017.04.27"]
[Round "8.19"]
[White "Èñòîìèíà, Âàëåðèÿ."]
[Black "Ïÿïèåâà, Àéëàíà."]
[Result "1-0"]
[WhiteElo "1364"]
[BlackElo "1250"]
[PlyCount "115"]
[EventDate "2017.04.20"]

1. e4 c5 2. Nf3 d6 3. d4 cxd4 4. Nxd4 Nf6 5. Nc3 a6 6. Be3 e6 7. f3 Be7 8. Qd2
Nc6 9. g4 Nxd4 10. Bxd4 e5 11. Be3 b5 12. O-O-O Bb7 13. g5 Nd7 14. h4 b4 15.
Nd5 Bxd5 16. Qxd5 f6 17. Bc4 Rf8 18. gxf6 Nxf6 19. Qc6+ Nd7 20. Be6 Qc8 21.
Bxd7+ Qxd7 22. Qxa8+ Bd8 23. Qxa6 Bc7 24. Qa8+ Bd8 25. Bb6 Ke7 26. Bxd8+ Rxd8
27. Qd5 Qc7 28. Rhg1 Kf8 29. Rg2 g6 30. h5 Qg7 31. hxg6 hxg6 32. Rdg1 Qh6+ 33.
Qd2 Qxd2+ 34. Kxd2 Ke7 35. Rxg6 Rf8 36. Rg7+ Rf7 37. Rxf7+ Kxf7 38. Rf1 Ke6 39.
f4 exf4 40. Rxf4 Ke5 41. Rh4 Ke6 42. Kd3 Kf6 43. Kc4 Kg5 44. Rh1 Kf4 45. Rd1
Kxe4 46. Rxd6 Ke5 47. Rd8 Ke6 48. Kxb4 Ke7 49. Rd1 Ke6 50. Kc5 Ke7 51. Kc6 Ke8
52. Rd7 Kf8 53. Kd6 Kg8 54. Ke6 Kh8 55. Kf6 Kg8 56. Rf7 Kh8 57. Rd7 Kg8 58. Rc7
1-0

[Event "Ä11Â"]
[Site "Loo"]
[Date "2017.04.27"]
[Round "8.20"]
[White "Ïëåùåâà, Äàðüÿ."]
[Black "Øåâÿêîâà, Àëåíà."]
[Result "1-0"]
[WhiteElo "1165"]
[BlackElo "1164"]
[PlyCount "51"]
[EventDate "2017.04.20"]

1. e4 e5 2. Nf3 Nc6 3. Bb5 a6 4. Ba4 Nf6 5. O-O Be7 6. d3 b5 7. Bb3 d6 8. a4
Bb7 9. Nc3 b4 10. Nd5 a5 11. Nxe7 Qxe7 12. c3 O-O 13. Bg5 Rfd8 14. Rc1 Nb8 15.
cxb4 axb4 16. Bxf6 gxf6 17. Nh4 Kh8 18. Nf5 Qf8 19. Rxc7 Rd7 20. Rxd7 Nxd7 21.
Qh5 Ba6 22. Nh6 Qe7 23. Nxf7+ Kg7 24. Qh6+ Kg8 25. Nxe5+ Kh8 26. Ng6# 1-0

[Event "Ä13Ï"]
[Site "Loo"]
[Date "2017.04.27"]
[Round "8.1"]
[White "Ä¸ìèíîâà, Ìàðèÿ."]
[Black "Ñèäîðîâà, Àëåíà."]
[Result "1-0"]
[WhiteElo "1526"]
[BlackElo "1506"]
[PlyCount "61"]
[EventDate "2017.04.20"]

1. e4 e5 2. Nf3 Nc6 3. Bb5 g6 4. O-O Bg7 5. c3 Nge7 6. d4 exd4 7. cxd4 O-O 8.
Nc3 d6 9. Bg5 a6 10. Ba4 h6 11. Be3 Bg4 12. Qd2 Bxf3 13. gxf3 Kh7 14. Kh1 f5
15. Ne2 fxe4 16. fxe4 Qc8 17. Nf4 Qg4 18. f3 Qh4 19. Ne6 Rfc8 20. Nxg7 Kxg7 21.
Qg2 d5 22. Rg1 dxe4 23. fxe4 g5 24. Raf1 Rf8 25. Bf2 Qh5 26. Bd1 Qg6 27. d5 Nd8
28. Bd4+ Kg8 29. Bc2 Nf7 30. e5 Qh5 31. Qe4 1-0

[Event "Ä13Ï"]
[Site "Loo"]
[Date "2017.04.27"]
[Round "8.2"]
[White "Ìèõàéëèíà, Åëåíà."]
[Black "Õàéáóëëèíà, Ðàóøàíà."]
[Result "1-0"]
[WhiteElo "1641"]
[BlackElo "1750"]
[PlyCount "179"]
[EventDate "2017.04.20"]

1. e4 c5 2. Nf3 e6 3. d4 cxd4 4. Nxd4 Nc6 5. Nb5 d6 6. c4 Nf6 7. N1c3 a6 8. Na3
Be7 9. Be2 O-O 10. O-O Qc7 11. Be3 b6 12. Qd2 Bb7 13. f3 Rac8 14. Rac1 Rfd8 15.
Nd5 exd5 16. cxd5 b5 17. dxc6 Bxc6 18. Nc2 d5 19. Nd4 Qb7 20. e5 Nd7 21. f4 Nc5
22. Nxc6 Rxc6 23. Bf3 Ne4 24. Qd3 Rcc8 25. Rfd1 Bc5 26. Bxc5 Nxc5 27. Qe3 Ne4
28. Rxc8 Rxc8 29. Kf1 h6 30. Rc1 Rc4 31. b3 d4 32. Qe1 d3 33. Rxc4 bxc4 34.
Qxe4 Qb6 35. Qxc4 Qe3 36. Qc3 g5 37. fxg5 hxg5 38. Qe1 Qf4 39. e6 d2 40. exf7+
Kxf7 41. Qd1 g4 42. Ke2 gxf3+ 43. gxf3 Qxh2+ 44. Kd3 Qd6+ 45. Kc3 Qf4 46. Qxd2
Qxf3+ 47. Kb2 Qf6+ 48. Qc3 Qf2+ 49. Ka3 Qb6 50. Qc4+ Ke8 51. Qg8+ Ke7 52. Qg7+
Ke8 53. Qe5+ Kf7 54. b4 Qc6 55. Qc5 Qf3+ 56. Ka4 Qe2 57. a3 Qd3 58. Ka5 Qxa3+
59. Kb6 Ke6 60. Qa5 Qc3 61. Kxa6 Qc8+ 62. Kb6 Qb8+ 63. Kc6 Qe8+ 64. Kb6 Qb8+
65. Kc5 Qe5+ 66. Kb6 Qb8+ 67. Ka6 Qa8+ 68. Kb5 Qd5+ 69. Kb6 Qd8+ 70. Kb7 Qe7+
71. Ka6 Qh4 72. Qb6+ Kd7 73. b5 Kc8 74. Qc6+ Kd8 75. b6 Qb4 76. Ka7 Qe7+ 77.
Kb8 Qe6 78. Qc7+ Ke8 79. Qc8+ Qxc8+ 80. Kxc8 Ke7 81. b7 Kf6 82. b8=Q Ke7 83.
Qb6 Kf7 84. Qd6 Ke8 85. Qd7+ Kf8 86. Kd8 Kg8 87. Ke8 Kh8 88. Qg4 Kh7 89. Kf7
Kh8 90. Qg7# 1-0